[Event "50+ World Senior Team Championship"]
[Site "chess24.com"]
[Date "2017.04.30"]
[Round "7"]
[White "Burnett, Jim"]
[Black "Aird, Ian"]
[Result "1-0"]
[Board "4"]
[WhiteElo "2075"]
[WhiteCountry "ENG"]
[WhiteFideId "402273"]
[WhiteEloChange "4"]
[BlackElo "1852"]
[BlackCountry "SCO"]
[BlackFideId "2401347"]
[BlackEloChange "-4"]

1. d4 {[%clk 1:30:58]} Nf6 {[%clk 1:30:48]} 2. c4 {[%clk 1:31:24]} e6 {[%clk
1:31:10]} 3. Nf3 {[%clk 1:31:50]} Bb4+ {[%clk 1:30:56]} 4. Bd2 {[%clk 1:32:14]}
c5 {[%clk 1:30:59]} 5. Bxb4 {[%clk 1:28:59]} cxb4 {[%clk 1:31:26]} 6. Nbd2 {[%clk
1:28:30]} O-O {[%clk 1:31:27]} 7. e3 {[%clk 1:28:39]} d6 {[%clk 1:30:40]} 8. Be2
{[%clk 1:27:56]} Nc6 {[%clk 1:30:42]} 9. O-O {[%clk 1:27:46]} e5 {[%clk 1:30:08]}
10. d5 {[%clk 1:25:59]} Nb8 {[%clk 1:29:29]} 11. Qc2 {[%clk 1:18:54]} Na6 {[%clk
1:23:28]} 12. a3 {[%clk 1:16:25]} Qc7 {[%clk 1:20:30]} 13. e4 {[%clk 1:14:59]} b6
{[%clk 1:17:07]} 14. Rfc1 {[%clk 1:13:39]} bxa3 {[%clk 1:15:22]} 15. Rxa3 {[%clk
1:13:36]} Nb4 {[%clk 1:14:54]} 16. Qb1 {[%clk 1:10:05]} Bg4 {[%clk 1:13:01]} 17.
Nf1 {[%clk 1:08:11]} a5 {[%clk 1:07:04]} 18. h3 {[%clk 1:03:27]} Bh5 {[%clk
1:03:37]} 19. Ng3 {[%clk 1:02:59]} Bg6 {[%clk 1:03:29]} 20. Nh4 {[%clk 1:01:18]}
Nd7 {[%clk 0:56:05]} 21. Rac3 {[%clk 0:53:33]} Nc5 {[%clk 0:51:15]} 22. Rf1
{[%clk 0:52:35]} Qd8 {[%clk 0:47:13]} 23. Nhf5 {[%clk 0:52:23]} Ra7 {[%clk
0:43:54]} 24. Kh2 {[%clk 0:49:18]} f6 {[%clk 0:39:14]} 25. Ne3 {[%clk 0:44:16]}
Nxe4 {[%clk 0:36:45]} 26. Nxe4 {[%clk 0:44:39]} f5 {[%clk 0:37:02]} 27. Nxf5
{[%clk 0:40:12]} Bxf5 {[%clk 0:36:59]} 28. Re3 {[%clk 0:34:17]} Qh4 {[%clk
0:33:37]} 29. Kg1 {[%clk 0:32:46]} Kh8 {[%clk 0:32:03]} 30. f3 {[%clk 0:30:22]}
Rf6 {[%clk 0:29:42]} 31. Qe1 {[%clk 0:27:10]} Qf4 {[%clk 0:28:51]} 32. Bd1 {[%clk
0:26:34]} Rg6 {[%clk 0:27:45]} 33. g4 {[%clk 0:20:09]} Bc8 {[%clk 0:21:06]} 34.
Rc3 {[%clk 0:15:21]} Rf7 {[%clk 0:16:33]} 35. Kg2 {[%clk 0:11:21]} Na6 {[%clk
0:11:34]} 36. Bc2 {[%clk 0:09:41]} Nb4 {[%clk 0:09:44]} 37. Bb1 {[%clk 0:08:57]}
h5 {[%clk 0:06:18]} 38. Ng3 {[%clk 0:06:10]} Rh6 {[%clk 0:03:47]} 39. Nxh5 {[%clk
0:05:14]} Qg5 {[%clk 0:01:58]} 40. Ng3 {[%clk 0:34:20]} Qh4 {[%clk 0:31:04]} 41.
Rh1 {[%clk 0:34:30]} Qe7 {[%clk 0:27:58]} 42. Bf5 {[%clk 0:31:01]} Qf8 {[%clk
0:27:22]} 43. h4 {[%clk 0:28:36]} Bxf5 {[%clk 0:26:29]} 44. Nxf5 {[%clk 0:28:51]}
Rhf6 {[%clk 0:26:54]} 45. h5 {[%clk 0:28:56]} Kg8 {[%clk 0:26:27]} 46. Qe3 {[%clk
0:27:47]} g6 {[%clk 0:25:13]} 47. Nh6+ {[%clk 0:26:15]} 1-0

[Event "50+ World Senior Team Championship"]
[Site "chess24.com"]
[Date "2017.04.30"]
[Round "7"]
[White "Maki, Christer"]
[Black "Hoehn, Michael"]
[Result "0-1"]
[Board "3"]
[WhiteElo "2004"]
[WhiteCountry "SWE"]
[WhiteFideId "1709674"]
[WhiteEloChange "-9"]
[BlackElo "2052"]
[BlackCountry "GER"]
[BlackFideId "4622693"]
[BlackEloChange "9"]

1. e4 {[%clk 1:28:55]} d6 {[%clk 1:30:03]} 2. d4 {[%clk 1:28:26]} Nf6 {[%clk
1:29:16]} 3. Nc3 {[%clk 1:28:01]} c6 {[%clk 1:29:38]} 4. Be2 {[%clk 1:25:22]}
Nbd7 {[%clk 1:29:12]} 5. Be3 {[%clk 1:21:10]} e5 {[%clk 1:26:57]} 6. f3 {[%clk
1:17:27]} Be7 {[%clk 1:21:44]} 7. Qd2 {[%clk 1:15:00]} O-O {[%clk 1:20:16]} 8. g4
{[%clk 1:08:40]} b5 {[%clk 1:15:39]} 9. h4 {[%clk 1:01:57]} exd4 {[%clk 1:07:33]}
10. Bxd4 {[%clk 0:53:54]} Ne5 {[%clk 0:57:46]} 11. Bxe5 {[%clk 0:34:12]} dxe5
{[%clk 0:57:57]} 12. Qxd8 {[%clk 0:34:32]} Rxd8 {[%clk 0:57:56]} 13. Rd1 {[%clk
0:34:45]} Be6 {[%clk 0:57:08]} 14. Bd3 {[%clk 0:29:01]} Nd7 {[%clk 0:47:34]} 15.
Nge2 {[%clk 0:27:07]} Nc5 {[%clk 0:44:15]} 16. Nc1 {[%clk 0:27:08]} b4 {[%clk
0:41:40]} 17. Nb1 {[%clk 0:24:55]} a5 {[%clk 0:37:31]} 18. Ke2 {[%clk 0:19:51]}
a4 {[%clk 0:34:21]} 19. Nd2 {[%clk 0:19:30]} f6 {[%clk 0:30:36]} 20. h5 {[%clk
0:19:25]} Kf7 {[%clk 0:29:36]} 21. Nc4 {[%clk 0:16:33]} Rd4 {[%clk 0:19:32]} 22.
b3 {[%clk 0:15:24]} Rad8 {[%clk 0:19:55]} 23. Rhf1 {[%clk 0:14:07]} Ke8 {[%clk
0:16:51]} 24. Rh1 {[%clk 0:13:42]} axb3 {[%clk 0:16:58]} 25. axb3 {[%clk
0:13:58]} Bf7 {[%clk 0:16:25]} 26. Na5 {[%clk 0:13:14]} Rc8 {[%clk 0:14:52]} 27.
Bc4 {[%clk 0:13:19]} Bxc4+ {[%clk 0:15:13]} 28. Nxc4 {[%clk 0:13:40]} Ne6 {[%clk
0:15:29]} 29. Nd3 {[%clk 0:13:38]} Rdd8 {[%clk 0:15:03]} 30. Rhf1 {[%clk
0:11:57]} Nd4+ {[%clk 0:13:57]} 31. Kd2 {[%clk 0:11:58]} Ra8 {[%clk 0:13:58]} 32.
Rb1 {[%clk 0:12:01]} Ra2 {[%clk 0:12:46]} 33. Rb2 {[%clk 0:11:24]} Ra6 {[%clk
0:12:56]} 34. Ke3 {[%clk 0:10:50]} Ne6 {[%clk 0:11:07]} 35. Rfb1 {[%clk 0:08:30]}
Rb8 {[%clk 0:10:25]} 36. Rd1 {[%clk 0:08:31]} Nd4 {[%clk 0:09:57]} 37. Rf1 {[%clk
0:07:49]} Ne6 {[%clk 0:08:21]} 38. Rd1 {[%clk 0:07:31]} Rba8 {[%clk 0:08:36]} 39.
Rdb1 {[%clk 0:06:52]} Ra1 {[%clk 0:07:14]} 40. Nd2 {[%clk 0:33:30]} Nd4 {[%clk
0:35:34]} 41. Ne1 {[%clk 0:30:27]} Nb5 {[%clk 0:29:15]} 42. Rxa1 {[%clk 0:28:45]}
Rxa1 {[%clk 0:25:34]} 43. Rb1 {[%clk 0:28:39]} Bc5+ {[%clk 0:25:17]} 44. Kd3
{[%clk 0:28:38]} Ra7 {[%clk 0:25:23]} 45. Kc4 {[%clk 0:28:48]} Be3 {[%clk
0:15:04]} 46. Nf1 {[%clk 0:28:55]} Na3+ {[%clk 0:14:11]} 47. Kxb4 {[%clk
0:28:21]} c5+ {[%clk 0:14:15]} 0-1

[Event "50+ World Senior Team Championship"]
[Site "chess24.com"]
[Date "2017.05.01"]
[Round "8"]
[White "Minasian, Artashes"]
[Black "Wagner-Michel, Annett"]
[Result "1-0"]
[Board "2"]
[WhiteElo "2480"]
[WhiteTitle "GM"]
[WhiteCountry "ARM"]
[WhiteFideId "13300040"]
[WhiteEloChange "1"]
[BlackElo "2124"]
[BlackTitle "WIM"]
[BlackCountry "GER"]
[BlackFideId "4612205"]
[BlackEloChange "-2"]

1. e4 {[%clk 1:30:55]} c5 {[%clk 1:30:38]} 2. Nf3 {[%clk 1:30:36]} Nc6 {[%clk
1:31:03]} 3. Bb5 {[%clk 1:30:55]} g6 {[%clk 1:31:16]} 4. Bxc6 {[%clk 1:31:03]}
dxc6 {[%clk 1:31:42]} 5. d3 {[%clk 1:31:22]} Bg7 {[%clk 1:30:57]} 6. h3 {[%clk
1:31:16]} e5 {[%clk 1:30:38]} 7. Be3 {[%clk 1:31:10]} b6 {[%clk 1:31:02]} 8. Qd2
{[%clk 1:30:41]} h6 {[%clk 1:31:21]} 9. Nc3 {[%clk 1:29:44]} Be6 {[%clk 1:29:24]}
10. O-O-O {[%clk 1:29:34]} Ne7 {[%clk 1:24:01]} 11. g4 {[%clk 1:26:32]} f6 {[%clk
1:11:55]} 12. Nh4 {[%clk 1:25:09]} Bf7 {[%clk 1:04:45]} 13. Ne2 {[%clk 1:25:11]}
Qc7 {[%clk 1:03:08]} 14. f4 {[%clk 1:20:48]} g5 {[%clk 0:55:25]} 15. fxg5 {[%clk
1:21:13]} hxg5 {[%clk 0:55:07]} 16. Nf3 {[%clk 1:21:25]} O-O-O {[%clk 0:54:34]}
17. Ng3 {[%clk 1:19:33]} Qd7 {[%clk 0:50:25]} 18. Qf2 {[%clk 1:19:05]} Ng6 {[%clk
0:45:16]} 19. Nf5 {[%clk 1:17:19]} Be6 {[%clk 0:42:38]} 20. h4 {[%clk 1:14:35]}
Nxh4 {[%clk 0:35:53]} 21. N3xh4 {[%clk 1:13:13]} gxh4 {[%clk 0:36:19]} 22. Rxh4
{[%clk 1:13:03]} Rxh4 {[%clk 0:30:00]} 23. Qxh4 {[%clk 1:13:29]} Rh8 {[%clk
0:29:53]} 24. Qg3 {[%clk 1:11:48]} Bxf5 {[%clk 0:16:52]} 25. exf5 {[%clk
1:12:03]} Bh6 {[%clk 0:16:33]} 26. Bxh6 {[%clk 1:11:40]} Rxh6 {[%clk 0:17:01]}
27. g5 {[%clk 1:11:20]} fxg5 {[%clk 0:16:10]} 28. Qxg5 {[%clk 1:11:12]} Qh7
{[%clk 0:15:54]} 29. Qg3 {[%clk 0:50:49]} Rh1 {[%clk 0:07:23]} 30. Rxh1 {[%clk
0:50:12]} Qxh1+ {[%clk 0:07:51]} 31. Kd2 {[%clk 0:50:34]} Qh6+ {[%clk 0:07:07]}
32. Ke2 {[%clk 0:49:25]} Qh8 {[%clk 0:06:40]} 33. Ke3 {[%clk 0:48:15]} Qh1 {[%clk
0:03:26]} 34. Qxe5 {[%clk 0:43:20]} Qe1+ {[%clk 0:02:59]} 35. Kf4 {[%clk
0:43:46]} Qh4+ {[%clk 0:02:48]} 36. Kf3 {[%clk 0:44:12]} Qh3+ {[%clk 0:02:34]}
37. Kf2 {[%clk 0:44:16]} Qh4+ {[%clk 0:02:38]} 38. Ke2 {[%clk 0:43:43]} Qg4+
{[%clk 0:02:54]} 39. Kd2 {[%clk 0:44:01]} Qb4+ {[%clk 0:03:13]} 40. Ke2 {[%clk
1:13:34]} Qg4+ {[%clk 0:33:35]} 41. Ke1 {[%clk 1:13:26]} Qh4+ {[%clk 0:32:07]}
42. Kf1 {[%clk 1:12:55]} Qh3+ {[%clk 0:26:23]} 43. Ke2 {[%clk 1:13:13]} Qg2+
{[%clk 0:24:14]} 44. Kd1 {[%clk 1:13:30]} Qg4+ {[%clk 0:24:10]} 45. Kd2 {[%clk
1:13:56]} Qb4+ {[%clk 0:24:26]} 46. Kc1 {[%clk 1:14:22]} Qd4 {[%clk 0:19:13]} 47.
Qxd4 {[%clk 1:14:07]} cxd4 {[%clk 0:19:41]} 48. Kd1 {[%clk 1:14:26]} 1-0

[Event "50+ World Senior Team Championship"]
[Site "chess24.com"]
[Date "2017.05.01"]
[Round "8"]
[White "Wolf, Sylvia"]
[Black "Movsziszian, Karen"]
[Result "0-1"]
[Board "3"]
[WhiteElo "2068"]
[WhiteTitle "WFM"]
[WhiteCountry "GER"]
[WhiteFideId "4612701"]
[WhiteEloChange "-2"]
[BlackElo "2483"]
[BlackTitle "GM"]
[BlackCountry "ARM"]
[BlackFideId "13301152"]
[BlackEloChange "1"]

1. e4 {[%clk 1:30:58]} g6 {[%clk 1:30:45]} 2. d4 {[%clk 1:31:12]} Bg7 {[%clk
1:31:06]} 3. Nc3 {[%clk 1:31:03]} c6 {[%clk 1:31:31]} 4. Nf3 {[%clk 1:31:18]} d6
{[%clk 1:31:56]} 5. Be2 {[%clk 1:31:38]} Nd7 {[%clk 1:31:28]} 6. Be3 {[%clk
1:31:31]} b5 {[%clk 1:31:03]} 7. a3 {[%clk 1:27:25]} Ngf6 {[%clk 1:28:05]} 8. h3
{[%clk 1:26:48]} Qc7 {[%clk 1:24:49]} 9. O-O {[%clk 1:26:10]} O-O {[%clk
1:25:13]} 10. Qd2 {[%clk 1:22:05]} e5 {[%clk 1:22:57]} 11. dxe5 {[%clk 1:13:49]}
dxe5 {[%clk 1:23:18]} 12. Rfd1 {[%clk 1:11:02]} Re8 {[%clk 1:23:28]} 13. Qd6
{[%clk 1:06:19]} Qb7 {[%clk 1:23:29]} 14. Qd2 {[%clk 1:01:41]} a5 {[%clk
1:18:08]} 15. Bd3 {[%clk 0:57:08]} Qc7 {[%clk 1:17:32]} 16. Nh2 {[%clk 0:53:10]}
Nf8 {[%clk 1:14:51]} 17. f3 {[%clk 0:50:16]} Nh5 {[%clk 1:10:52]} 18. Ne2 {[%clk
0:46:17]} Ne6 {[%clk 1:07:47]} 19. c4 {[%clk 0:35:25]} Bd7 {[%clk 1:02:48]} 20.
Rac1 {[%clk 0:31:53]} Qb7 {[%clk 1:00:13]} 21. Ng4 {[%clk 0:30:12]} b4 {[%clk
0:46:47]} 22. Nh6+ {[%clk 0:24:46]} Kf8 {[%clk 0:47:15]} 23. Ng4 {[%clk 0:24:49]}
c5 {[%clk 0:41:21]} 24. Bh6 {[%clk 0:19:40]} Nef4 {[%clk 0:36:09]} 25. Bxg7+
{[%clk 0:18:32]} Kxg7 {[%clk 0:36:35]} 26. Nxf4 {[%clk 0:15:51]} Nxf4 {[%clk
0:34:13]} 27. Bf1 {[%clk 0:13:27]} Bxg4 {[%clk 0:33:32]} 28. hxg4 {[%clk
0:13:56]} Ne6 {[%clk 0:31:07]} 29. a4 {[%clk 0:11:33]} Nd4 {[%clk 0:30:45]} 30.
Qe3 {[%clk 0:11:39]} Qe7 {[%clk 0:30:37]} 31. Kf2 {[%clk 0:09:52]} Rh8 {[%clk
0:30:31]} 32. g3 {[%clk 0:08:21]} h5 {[%clk 0:27:17]} 33. gxh5 {[%clk 0:08:31]}
Rxh5 {[%clk 0:26:49]} 34. Bg2 {[%clk 0:08:51]} Rah8 {[%clk 0:26:58]} 35. Rh1
{[%clk 0:09:03]} Rxh1 {[%clk 0:25:49]} 36. Rxh1 {[%clk 0:09:31]} Rxh1 {[%clk
0:26:13]} 37. Bxh1 {[%clk 0:10:00]} Qd7 {[%clk 0:26:36]} 38. b3 {[%clk 0:09:00]}
Ne6 {[%clk 0:26:54]} 39. f4 {[%clk 0:06:26]} Qd1 {[%clk 0:25:16]} 40. Bf3 {[%clk
0:34:50]} Qc2+ {[%clk 0:55:44]} 41. Ke1 {[%clk 0:27:56]} Qh2 {[%clk 0:56:09]} 42.
Qf2 {[%clk 0:22:03]} Qxf2+ {[%clk 0:55:08]} 43. Kxf2 {[%clk 0:20:15]} exf4 {[%clk
0:55:36]} 44. g4 {[%clk 0:20:40]} Kf6 {[%clk 0:55:34]} 0-1

[Event "50+ World Senior Team Championship"]
[Site "chess24.com"]
[Date "2017.05.01"]
[Round "8"]
[White "Short, Nigel D"]
[Black "Kantsler, Boris"]
[Result "1-0"]
[Board "1"]
[WhiteElo "2683"]
[WhiteTitle "GM"]
[WhiteCountry "ENG"]
[WhiteFideId "400025"]
[WhiteEloChange "2"]
[BlackElo "2436"]
[BlackTitle "GM"]
[BlackCountry "ISR"]
[BlackFideId "2805359"]
[BlackEloChange "-2"]

1. e4 {[%clk 1:30:54]} c5 {[%clk 1:30:54]} 2. Nf3 {[%clk 1:31:17]} e6 {[%clk
1:31:22]} 3. g3 {[%clk 1:31:28]} Nc6 {[%clk 1:31:27]} 4. Bg2 {[%clk 1:31:51]} Nf6
{[%clk 1:31:46]} 5. d3 {[%clk 1:31:16]} d6 {[%clk 1:30:16]} 6. O-O {[%clk
1:30:45]} Be7 {[%clk 1:30:45]} 7. c4 {[%clk 1:28:29]} O-O {[%clk 1:27:13]} 8. Nc3
{[%clk 1:28:50]} Ne5 {[%clk 1:14:39]} 9. Ne1 {[%clk 1:24:37]} Bd7 {[%clk
1:13:37]} 10. f4 {[%clk 1:25:00]} Nc6 {[%clk 1:14:07]} 11. g4 {[%clk 1:12:59]}
Ne8 {[%clk 1:02:58]} 12. Nf3 {[%clk 1:11:36]} Nc7 {[%clk 1:01:22]} 13. Be3 {[%clk
1:08:29]} Rb8 {[%clk 1:00:35]} 14. a4 {[%clk 1:08:51]} a6 {[%clk 1:00:38]} 15. g5
{[%clk 1:02:33]} b5 {[%clk 0:59:45]} 16. axb5 {[%clk 1:01:24]} axb5 {[%clk
1:00:11]} 17. b3 {[%clk 1:01:45]} f6 {[%clk 0:52:38]} 18. h4 {[%clk 0:55:05]} Kh8
{[%clk 0:43:04]} 19. Rf2 {[%clk 0:44:46]} Be8 {[%clk 0:39:51]} 20. Ne2 {[%clk
0:38:11]} bxc4 {[%clk 0:32:46]} 21. bxc4 {[%clk 0:35:49]} d5 {[%clk 0:32:57]} 22.
exd5 {[%clk 0:26:35]} exd5 {[%clk 0:33:18]} 23. Ng3 {[%clk 0:26:57]} Bd7 {[%clk
0:26:13]} 24. Rc1 {[%clk 0:20:28]} Bg4 {[%clk 0:19:04]} 25. Qf1 {[%clk 0:20:36]}
Qd7 {[%clk 0:18:03]} 26. Nh2 {[%clk 0:20:41]} Be6 {[%clk 0:18:30]} 27. f5 {[%clk
0:19:32]} Bg8 {[%clk 0:18:34]} 28. Ng4 {[%clk 0:18:11]} Bd6 {[%clk 0:16:07]} 29.
Nh5 {[%clk 0:12:33]} Qe8 {[%clk 0:11:52]} 30. Nxg7 {[%clk 0:09:54]} Kxg7 {[%clk
0:12:19]} 31. gxf6+ {[%clk 0:09:11]} Rxf6 {[%clk 0:11:22]} 32. Bg5 {[%clk
0:08:07]} Rf7 {[%clk 0:11:03]} 33. Re1 {[%clk 0:07:58]} Qd7 {[%clk 0:06:00]} 34.
cxd5 {[%clk 0:08:12]} Nd4 {[%clk 0:05:51]} 35. f6+ {[%clk 0:08:26]} Kh8 {[%clk
0:01:23]} 36. Nh6 {[%clk 0:08:51]} Bg3 37. Nxf7+ {[%clk 0:07:33]} Bxf7 {[%clk
0:01:38]} 38. Re7 {[%clk 0:08:00]} Bxf2+ {[%clk 0:01:06]} 39. Qxf2 {[%clk
0:08:24]} Qg4 {[%clk 0:00:55]} 40. Rxf7 {[%clk 0:38:29]} Nxd5 {[%clk 0:30:42]}
41. Kh2 {[%clk 0:34:18]} Qe6 {[%clk 0:29:36]} 42. Ra7 {[%clk 0:26:40]} Nc6 {[%clk
0:19:12]} 43. Bxd5 {[%clk 0:11:48]} Qxd5 {[%clk 0:19:13]} 44. f7 {[%clk 0:12:05]}
1-0

[Event "50+ World Senior Team Championship"]
[Site "chess24.com"]
[Date "2017.05.01"]
[Round "8"]
[White "Gruenfeld, Yehuda"]
[Black "Speelman, Jon S"]
[Result "1/2-1/2"]
[Board "2"]
[WhiteElo "2410"]
[WhiteTitle "GM"]
[WhiteCountry "ISR"]
[WhiteFideId "2800020"]
[WhiteEloChange "1"]
[BlackElo "2511"]
[BlackTitle "GM"]
[BlackCountry "ENG"]
[BlackFideId "400033"]
[BlackEloChange "-1"]

1. e4 {[%clk 1:30:57]} e6 {[%clk 1:30:47]} 2. d4 {[%clk 1:31:22]} d5 {[%clk
1:31:13]} 3. Nc3 {[%clk 1:31:48]} Nf6 {[%clk 1:31:30]} 4. Bg5 {[%clk 1:30:42]}
dxe4 {[%clk 1:31:51]} 5. Nxe4 {[%clk 1:31:04]} Nbd7 {[%clk 1:32:17]} 6. Nf3
{[%clk 1:30:16]} h6 {[%clk 1:29:34]} 7. Nxf6+ {[%clk 1:30:36]} Nxf6 {[%clk
1:29:59]} 8. Be3 {[%clk 1:30:34]} Bd6 {[%clk 1:28:51]} 9. Bd3 {[%clk 1:30:31]} b6
{[%clk 1:25:58]} 10. Qe2 {[%clk 1:29:43]} Bb7 {[%clk 1:25:28]} 11. O-O-O {[%clk
1:28:27]} Nd5 {[%clk 1:09:43]} 12. Bd2 {[%clk 1:25:43]} Nf4 {[%clk 1:04:17]} 13.
Bxf4 {[%clk 1:26:02]} Bxf4+ {[%clk 1:04:44]} 14. Kb1 {[%clk 1:26:24]} O-O {[%clk
1:03:46]} 15. Be4 {[%clk 1:26:25]} Bxe4 {[%clk 1:03:21]} 16. Qxe4 {[%clk
1:26:49]} Qf6 {[%clk 1:03:25]} 17. Rd3 {[%clk 1:25:22]} Rad8 {[%clk 1:02:12]} 18.
Rhd1 {[%clk 1:25:45]} a5 {[%clk 1:01:18]} 19. a3 {[%clk 1:25:33]} g6 {[%clk
0:57:30]} 20. g3 {[%clk 1:12:17]} Bd6 {[%clk 0:57:54]} 21. Ne5 {[%clk 1:12:18]}
Bxe5 {[%clk 0:57:35]} 22. Qxe5 {[%clk 1:10:55]} Qxf2 {[%clk 0:53:16]} 1/2-1/2

[Event "50+ World Senior Team Championship"]
[Site "chess24.com"]
[Date "2017.05.01"]
[Round "8"]
[White "Arkell, Keith C"]
[Black "Maryasin, Boris"]
[Result "1-0"]
[Board "3"]
[WhiteElo "2411"]
[WhiteTitle "GM"]
[WhiteCountry "ENG"]
[WhiteFideId "400270"]
[WhiteEloChange "4"]
[BlackElo "2335"]
[BlackTitle "IM"]
[BlackCountry "ISR"]
[BlackFideId "2801892"]
[BlackEloChange "-8"]

1. d4 {[%clk 1:30:31]} d5 {[%clk 1:30:47]} 2. Nf3 {[%clk 1:30:55]} Nf6 {[%clk
1:30:54]} 3. c3 {[%clk 1:31:16]} c6 {[%clk 1:28:58]} 4. Bf4 {[%clk 1:31:31]} Bf5
{[%clk 1:28:51]} 5. Nbd2 {[%clk 1:31:45]} e6 {[%clk 1:28:22]} 6. e3 {[%clk
1:31:52]} h6 {[%clk 1:26:04]} 7. h3 {[%clk 1:28:19]} Nbd7 {[%clk 1:22:39]} 8. Qb3
{[%clk 1:22:48]} Qb6 {[%clk 1:21:30]} 9. g4 {[%clk 1:23:11]} Bh7 {[%clk 1:21:12]}
10. c4 {[%clk 1:07:30]} dxc4 {[%clk 1:15:01]} 11. Nxc4 {[%clk 1:06:04]} Qb4+
{[%clk 1:15:06]} 12. Qxb4 {[%clk 1:01:25]} Bxb4+ {[%clk 1:15:11]} 13. Nfd2 {[%clk
1:01:17]} Ne4 {[%clk 1:01:10]} 14. a3 {[%clk 1:01:24]} Nxd2 {[%clk 1:01:01]} 15.
Nxd2 {[%clk 1:00:22]} Bxd2+ {[%clk 0:58:33]} 16. Kxd2 {[%clk 1:00:47]} Be4 {[%clk
0:58:50]} 17. Rg1 {[%clk 1:00:53]} c5 {[%clk 0:59:00]} 18. Bb5 {[%clk 0:46:12]}
cxd4 {[%clk 0:53:40]} 19. Rac1 {[%clk 0:46:29]} Bc6 {[%clk 0:53:00]} 20. Bxc6
{[%clk 0:46:32]} bxc6 {[%clk 0:53:21]} 21. exd4 {[%clk 0:46:16]} Rc8 {[%clk
0:53:26]} 22. Rg3 {[%clk 0:30:50]} Nf6 {[%clk 0:53:22]} 23. Rb3 {[%clk 0:30:37]}
O-O {[%clk 0:52:14]} 24. Rb7 {[%clk 0:28:06]} Rfd8 {[%clk 0:51:41]} 25. Be5
{[%clk 0:19:29]} Rd7 {[%clk 0:51:13]} 26. Rxd7 {[%clk 0:19:39]} Nxd7 {[%clk
0:51:39]} 27. Bd6 {[%clk 0:20:00]} f6 {[%clk 0:51:24]} 28. b4 {[%clk 0:16:15]} a6
{[%clk 0:49:39]} 29. Kd3 {[%clk 0:11:29]} Kf7 {[%clk 0:49:40]} 30. a4 {[%clk
0:10:34]} Nb6 {[%clk 0:49:36]} 31. a5 {[%clk 0:10:26]} Nd5 {[%clk 0:48:45]} 32.
b5 {[%clk 0:07:25]} axb5 {[%clk 0:48:57]} 33. a6 {[%clk 0:07:50]} c5 {[%clk
0:42:48]} 34. Rxc5 {[%clk 0:03:25]} Ra8 {[%clk 0:41:46]} 35. Rc6 {[%clk 0:03:44]}
Ke8 {[%clk 0:29:08]} 36. Bc5 {[%clk 0:04:04]} Kd7 {[%clk 0:28:42]} 37. Rd6+
{[%clk 0:04:33]} Kc8 {[%clk 0:28:02]} 38. a7 {[%clk 0:01:46]} g5 {[%clk 0:26:57]}
39. Kc2 {[%clk 0:01:03]} Nf4 {[%clk 0:26:43]} 40. Kb3 {[%clk 0:30:51]} Kb7 {[%clk
0:54:42]} 41. Kb4 {[%clk 0:27:10]} Re8 {[%clk 0:55:02]} 42. Kxb5 {[%clk 0:26:52]}
Nxh3 {[%clk 0:55:08]} 43. Rb6+ {[%clk 0:26:31]} Ka8 {[%clk 0:55:26]} 44. Ka6
{[%clk 0:26:35]} 1-0

[Event "50+ World Senior Team Championship"]
[Site "chess24.com"]
[Date "2017.05.01"]
[Round "8"]
[White "Polyakov, Alex"]
[Black "Chapman, Terry P D"]
[Result "0-1"]
[Board "4"]
[WhiteElo "2223"]
[WhiteCountry "ISR"]
[WhiteFideId "2807220"]
[WhiteEloChange "-9"]
[BlackElo "2247"]
[BlackTitle "FM"]
[BlackCountry "ENG"]
[BlackFideId "413399"]
[BlackEloChange "9"]

1. Nf3 {[%clk 1:30:37]} Nf6 {[%clk 1:30:54]} 2. d4 {[%clk 1:30:59]} c5 {[%clk
1:31:20]} 3. c3 {[%clk 1:30:56]} cxd4 {[%clk 1:31:44]} 4. cxd4 {[%clk 1:31:18]}
d5 {[%clk 1:32:09]} 5. Nc3 {[%clk 1:31:37]} Nc6 {[%clk 1:32:37]} 6. Bf4 {[%clk
1:29:19]} Ne4 {[%clk 1:32:22]} 7. Qb3 {[%clk 1:22:45]} Nxc3 {[%clk 1:31:04]} 8.
bxc3 {[%clk 1:23:00]} e6 {[%clk 1:26:56]} 9. e3 {[%clk 1:21:26]} Bd6 {[%clk
1:22:28]} 10. Bg3 {[%clk 1:20:49]} h6 {[%clk 1:08:52]} 11. Bd3 {[%clk 1:18:38]}
Qc7 {[%clk 1:06:39]} 12. Ke2 {[%clk 1:08:54]} Bxg3 {[%clk 0:59:20]} 13. hxg3
{[%clk 1:09:09]} Bd7 {[%clk 0:59:30]} 14. Rhc1 {[%clk 1:05:48]} O-O {[%clk
0:54:31]} 15. Rab1 {[%clk 1:02:13]} Rab8 {[%clk 0:46:21]} 16. Nd2 {[%clk
0:53:39]} Na5 {[%clk 0:43:24]} 17. Qb4 {[%clk 0:40:16]} b5 {[%clk 0:41:28]} 18.
f4 {[%clk 0:33:25]} Nc4 {[%clk 0:39:24]} 19. Bxc4 {[%clk 0:17:23]} dxc4 {[%clk
0:36:35]} 20. Kf2 {[%clk 0:16:42]} Bc6 {[%clk 0:34:04]} 21. Rb2 {[%clk 0:15:24]}
Rfc8 {[%clk 0:21:40]} 22. a3 {[%clk 0:10:26]} Bxg2 {[%clk 0:19:47]} 23. Ra2
{[%clk 0:09:04]} Ba8 {[%clk 0:14:26]} 24. Qb1 {[%clk 0:09:02]} a5 {[%clk
0:13:19]} 25. Rb2 {[%clk 0:09:06]} Qc6 {[%clk 0:12:42]} 26. Rg1 {[%clk 0:08:14]}
Rb6 {[%clk 0:10:07]} 27. g4 {[%clk 0:08:26]} g6 {[%clk 0:07:14]} 28. f5 {[%clk
0:04:11]} exf5 {[%clk 0:05:16]} 29. gxf5 {[%clk 0:04:39]} Kh7 {[%clk 0:05:12]}
30. e4 {[%clk 0:04:48]} Qf6 {[%clk 0:01:40]} 31. Nf3 {[%clk 0:02:42]} Re8 {[%clk
0:01:17]} 32. Rxb5 {[%clk 0:02:53]} Rxb5 {[%clk 0:01:18]} 33. Qxb5 {[%clk
0:03:14]} Rxe4 {[%clk 0:01:04]} 34. Qxa5 {[%clk 0:02:53]} Re8 {[%clk 0:00:54]}
35. Qb5 {[%clk 0:00:57]} Bc6 {[%clk 0:00:51]} 36. Qc5 {[%clk 0:00:42]} Bxf3
{[%clk 0:00:48]} 37. Kxf3 {[%clk 0:01:06]} Qh4 {[%clk 0:00:44]} 38. fxg6+ {[%clk
0:00:44]} fxg6 {[%clk 0:01:13]} 39. Qc7+ {[%clk 0:01:01]} Re7 {[%clk 0:01:06]}
40. Qf4 {[%clk 0:31:07]} Qh3+ {[%clk 0:31:09]} 41. Qg3 {[%clk 0:30:56]} Qf5+
{[%clk 0:25:55]} 42. Qf4 {[%clk 0:28:56]} Qd3+ {[%clk 0:25:56]} 43. Kg2 {[%clk
0:29:12]} Re2+ {[%clk 0:26:06]} 0-1